| 000 | 00657nam a22001697a 4500 | ||
|---|---|---|---|
| 003 | OSt | ||
| 005 | 20171010095448.0 | ||
| 008 | 120621t xxu||||| |||| 00| 0 eng d | ||
| 040 |
_aMMSU _cULS |
||
| 100 |
_aNacar, Mayell A. _910580 |
||
| 245 |
_aCredibility and competence of barangay health workers in disseminating health nprograms in Solsona, Ilocos Norte _cMayell A. Nacar |
||
| 260 | _c2007 | ||
| 300 |
_axvi, 82 leaves _c28 cm. |
||
| 500 | _aThesis (BS Development Communication) -- Mariano Marcos State University-College of Agriculture, Food and Sustainable Development, Batac City | ||
| 504 | _aBibliography: leaves 55-56 | ||
| 942 |
_2ddc _cTHEDIS |
||
| 999 |
_c9584 _d9584 |
||